Music Quiz

Random Music or Song Quiz

Australia Top 100 Quiz Stats

 Plays Quiz Updated Jul 12, 2019

Support Sporcle.
Go Orange.
Score 0/100 Timer 15:00
1 Play Today
Rank Song % Correct
1Smells Like Teen Spirit
89.7%
6Bohemian Rhapsody
71.1%
26Thriller
67.2%
12Wonderwall
65.6%
11Imagine
64.1%
10Stairway to Heaven
60.5%
13Creep
56.2%
8Under the Bridge
53.7%
14Bitter Sweet Symphony
50.2%
41Billie Jean
49.1%
20Seven Nation Army
44.2%
87Yellow
43.8%
49Sweet Child o' Mine
43.3%
38Mr. Brightside
43.2%
31Enter Sandman
42.7%
3Hallelujah
42.6%
19One
41.5%
44Hey Jude
41.3%
2Killing in the Name
39.7%
91Back in Black
38.4%
100Take Me Out
31.9%
90Sex on Fire
30%
16Wish You Were Here
30%
30All Along the Watchtower
29.7%
15Karma Police
29.3%
40Come as You Are
29.2%
60Hurt
28.7%
75Good Riddance (Time of Your Life)
28.6%
73London Calling
28.4%
9Everlong
27.6%
351979
27.5%
61Song 2
26.4%
74Lithium
26.2%
5Paranoid Android
26%
Rank Song % Correct
25Alive
24.8%
4Love Will Tear Us Apart
24.8%
84No Woman, No Cry
24.1%
89Bulls on Parade
23.1%
94Float On
22.7%
53Comfortably Numb
22.6%
48Sabotage
22.3%
55Like a Rolling Stone
22.2%
82Chop Suey!
22%
67Brick
21.1%
78Today
21%
46Epic
20.3%
51Bullet with Butterfly Wings
19.8%
45No One Knows
19.7%
63Thunderstruck
19.7%
18Knights of Cydonia
18.6%
95Superstition
17.8%
58Around the World
16.9%
66Tiny Dancer
16.6%
80Paint It, Black
16.5%
64Blister in the Sun
16.3%
98Kashmir
14.8%
96One More Time
14.7%
28Fake Plastic Trees
14.5%
62Closer
14.2%
32Blue Monday
14.1%
69Grace
14%
22Teardrop
13.9%
39Better Man
13.5%
47Betterman
13.5%
97Beds Are Burning
13.4%
29Where Is My Mind?
13.3%
86Come Together
13.3%
43God Only Knows
13%
Rank Song % Correct
81Common People
12.5%
68Dammit (Growing Up)
11.9%
70Breathe
11.9%
50Don't Dream It's Over
11.7%
85Bohemian Like You
11.7%
24A Day in the Life
11%
33Tomorrow
9.4%
71How Soon Is Now?
9.2%
88Gimme Shelter
9%
72New Slang
8.9%
42Banquet
8.8%
7Last Goodbye
8.5%
92Skinny Love
7.5%
79Life on Mars?
7.5%
65Born Slippy
7.1%
37Stinkfist
6.9%
76Fools Gold
6.3%
17The Nosebleed Section
6.2%
93Unfinished Sympathy
5.9%
27My Happiness
5.5%
23Throw Your Arms Around Me
5%
99Wolf Like Me
5%
34Prisoner of Society
4.8%
56Lover, You Should've Come Over
4.7%
54Close to Me
4.2%
83Every You Every Me
4.1%
21These Days
3.9%
59One Crowded Hour
3.3%
57Forty-Six & 2
3.2%
36Into My Arms
3.1%
77Hearts a Mess
2.7%
52Berlin Chair
2.1%

You're not logged in!

Compare scores with friends on all Sporcle quizzes.
OR
Log In

From the Vault

Either/Or in 30: Famous Siblings II

by MSUKent

The clock is already ticking. We know it's not anywhere on screen. But it is.
Remove Ads.
Support Sporcle.
Get the best of Sporcle when you Go Orange. This ad-free experience offers more features, more stats, and more fun while also helping to support Sporcle. Thank you for becoming a member.

Show Comments

Extras

Top Quizzes Today


Score Distribution

Your Account Isn't Verified!

In order to create a playlist on Sporcle, you need to verify the email address you used during registration. Go to your Sporcle Settings to finish the process.

Report this User

Report this user for behavior that violates our Community Guidelines.

Details: